| 000 | 01477nam a2200373Ic 4500 | ||
|---|---|---|---|
| 001 | 60459 | ||
| 003 | CO-BoRNBP | ||
| 005 | 20260211200538.0 | ||
| 007 | ta | ||
| 008 | 211008s2006 ag a br 000 0 spa d | ||
| 020 | _a9789871217014 | ||
| 020 | _a9871217013 | ||
| 040 |
_aCO-BoRNBP _bspa _erda _cCO-BoRNBP |
||
| 041 | 0 | _aspa | |
| 082 | 0 | 4 |
_a535.6 _bB17p _222 |
| 100 | 1 | 0 |
_aBaredes, Carla _eaut |
| 245 | 1 | 0 |
_aPreguntas que ponen los pelos de punta : _bsobre la luz y los colores, 3 / _cidea y texto Carla Baredes e Ileana Lotersztain ; ilustraciones Javier Basile ; adaptación Laura A. Lass de Lamont. |
| 250 | _aPrimera edición | ||
| 264 | 1 |
_aBuenos Aires, Argentina : _bEdicones Iamiqué, _c2006 |
|
| 300 |
_a59 páginas : _bilustraciones |
||
| 336 |
_atexto _btxt _2rdacontent |
||
| 337 |
_asin mediación _bn _2rdamedia |
||
| 338 |
_avolumen _bnc _2rdacarrier |
||
| 490 | 0 |
_aPreguntas que ponen los pelos de punta _v3 |
|
| 521 | _aRecomendado para un público infantil mayor de 9 años | ||
| 650 | 0 | 7 |
_aDolor _xLiteratura infantil _vTiras cómicas, historietas, etc. _2lemb _968731 |
| 650 | 1 | 7 |
_aLuz _xLiteratura infantil _xTrabajos fotográficos _2lemb _968732 |
| 650 | 0 | 7 |
_aÓptica _xLiteratura infantil _xTrabajos fotográficos _2lemb _968733 |
| 650 | 1 | 7 |
_aSentido del color _xLiteratura infantil _zVenezuela _2lemb _968734 |
| 700 | 1 | 0 |
_aBasile, Javier _eill |
| 700 | 1 | 0 |
_aLass de Lamont, Laura A. _eadp _968735 |
| 700 | 1 | 0 |
_aLotersztain, Ileana _eaut |
| 942 |
_2ddc _cBKINF |
||
| 999 |
_c60459 _d60459 |
||